书目信息 |
| 题名: |
笑对人生
|
|
| 作者: | 田秀英 著 | |
| 分册: | ||
| 出版信息: | 北京 现代教育出版社 2019.06 |
|
| 页数: | 350页 | |
| 开本: | 20cm | |
| 丛书名: | ||
| 单 册: | ||
| 中图分类: | K828.5 | |
| 科图分类: | ||
| 主题词: | 人物--传记--中国 | |
| 电子资源: | ||
| ISBN: | 978-7-5106-7308-5 | |
| 000 | 00524nam0 2200181 450 | |
| 001 | 2660071113 | |
| 005 | 20260326164258.75 | |
| 010 | @a978-7-5106-7308-5@dCNY39.80 | |
| 100 | @a20260326d2019 km y0chiy0120 ea | |
| 101 | 0 | @achi |
| 200 | 1 | @a笑对人生@AXiao Dui Ren Sheng@f田秀英著@FTian Xiu Ying Zhu |
| 210 | @a北京@c现代教育出版社@d2019.06 | |
| 215 | @a350页@d20cm | |
| 606 | 0 | @a人物@x传记@x中国 |
| 690 | @aK828.5@v4 | |
| 701 | 0 | @a田秀英@ATian Xiu Ying@4著 |
| 801 | 0 | @aCN@b河南城建学院图书馆@c20260326 |
| 905 | @dK828.5@eT6781 | |
| 笑对人生/田秀英著.-北京:现代教育出版社,2019.06 |
| 350页;20cm |
| ISBN 978-7-5106-7308-5:CNY39.80 |
| ● |
| 相关链接 |
|
|
|
正题名:笑对人生
索取号:K828.5/T6781
 
预约/预借
| 序号 | 登录号 | 条形码 | 馆藏地/架位号 | 状态 | 备注 |
| 1 | 1108688 | 211086885 | 社科库309/309社科库 13排2列1层/ [索取号:K828.5/T6781] | 在馆 |